000 00682nam a2200241Ia 4500
003 OSt
005 20220924114338.0
006 a|||||r|||| 00| 0
007 ta
008 220923b |||||||| |||| 00| 0 ara d
024 _a344464
037 _cTextual
040 _aARTS
_cARTS
_bara
041 _2ara
_aara
082 _aV46:74.E, 28K6
100 _aYusuf Sheikh Abu Umar Au.
_9173101
245 0 _aAl-qasad wa al-amhar
260 _aBaghdad
_bAl-hydria library and ITS press Iraq
_c1966
300 _a182p.
_ccm.
650 _aARAB - HISTORY
_929528
942 _hV46:74.E, 28K6
_cTEXL
_2CC
999 _c393136
_d393136